<?xml version="1.0" encoding="UTF-8"?><?xml-stylesheet type="text/xsl" href="static/style.xsl"?><OAI-PMH xmlns="http://www.openarchives.org/OAI/2.0/" xmlns:xsi="http://www.w3.org/2001/XMLSchema-instance" xsi:schemaLocation="http://www.openarchives.org/OAI/2.0/ http://www.openarchives.org/OAI/2.0/OAI-PMH.xsd"><responseDate>2026-05-16T21:51:24Z</responseDate><request verb="GetRecord" identifier="oai:repisalud.isciii.es:20.500.12105/15224" metadataPrefix="marc">https://repisalud.isciii.es/rest/oai/request</request><GetRecord><record><header><identifier>oai:repisalud.isciii.es:20.500.12105/15224</identifier><datestamp>2025-05-12T13:21:16Z</datestamp><setSpec>com_20.500.12105_14556</setSpec><setSpec>com_20.500.12105_2337</setSpec><setSpec>com_20.500.12105_2336</setSpec><setSpec>col_20.500.12105_14557</setSpec></header><metadata><record xmlns="http://www.loc.gov/MARC21/slim" xmlns:dcterms="http://purl.org/dc/terms/" xmlns:doc="http://www.lyncode.com/xoai" xmlns:xsi="http://www.w3.org/2001/XMLSchema-instance" xsi:schemaLocation="http://www.loc.gov/MARC21/slim http://www.loc.gov/standards/marcxml/schema/MARC21slim.xsd">
   <leader>00925njm 22002777a 4500</leader>
   <datafield ind2=" " ind1=" " tag="042">
      <subfield code="a">dc</subfield>
   </datafield>
   <datafield ind2=" " ind1=" " tag="720">
      <subfield code="a">Instituto de Salud Carlos III. Programa de Mentores del ISCIII</subfield>
      <subfield code="e">author</subfield>
   </datafield>
   <datafield ind2=" " ind1=" " tag="260">
      <subfield code="c">2022-10-24</subfield>
   </datafield>
   <datafield ind2=" " ind1=" " tag="520">
      <subfield code="a">El lunes 24 de octubre de 2022 se celebró la IV Jornada del Programa de Mentores del ISCIII, como una nueva edición dentro del ciclo de Jornadas del Programa que se han realizado anteriormente en abril y octubre de 2021 y en abril 2022y que se pretende seguir llevando a cabo del mismo modo mediante dos Jornadas anuales. El objetivo de estas Jornadas es que todos los doctorandos incluidos en el Programa puedan exponer y compartir los resultados de sus trabajos, favorecer el conocimiento de sus actividades y poder plantearse colaboraciones entre los propios doctorandos. Este Programa de Mentores se inició en enero de 2019 y son 44 los doctorandos, 29 mujeres y 15 hombres, que están incluidos en el mismo, así como 44 mentores, 25 mujeres y 19 hombres (pdf del listado actualizado del Programa). En esta Jornada 6 doctorandos presentaron los avances y resultados de su trabajo de tesis doctoral que están realizando en el ISCIII y que abarcan temas innovadores relativos a la investigación en diferentes áreas de conocimiento de la biomedicina. Un objetivo fundamental de este Programa es que exista y se mantenga un "Grupo común" de mentorizados, donde se vayan incorporando los nuevos doctorandos que vayan a realizar su tesis en el ISCIII, y que se sientan como un equipo unido, científico y humano, que planteen nuevas actividades que les ayuden a fortalecer tanto su etapa pre doctoral como a iniciar el conocimiento de perspectivas futuras en su etapa posterior postdoctoral.</subfield>
   </datafield>
   <datafield ind1="8" ind2=" " tag="024">
      <subfield code="a">http://hdl.handle.net/20.500.12105/15224</subfield>
   </datafield>
   <datafield tag="653" ind2=" " ind1=" ">
      <subfield code="a">Programa de Mentores ISCIII</subfield>
   </datafield>
   <datafield tag="653" ind2=" " ind1=" ">
      <subfield code="a">Formación para la investigación</subfield>
   </datafield>
   <datafield tag="653" ind2=" " ind1=" ">
      <subfield code="a">Formación de doctorandos</subfield>
   </datafield>
   <datafield ind2="0" ind1="0" tag="245">
      <subfield code="a">IV Jornada Programa de Mentores del ISCIII</subfield>
   </datafield>
</record></metadata></record></GetRecord></OAI-PMH>